<?xml version="1.0" encoding="UTF-8"?>
<record
    xmlns:xsi="http://www.w3.org/2001/XMLSchema-instance"
    xsi:schemaLocation="http://www.loc.gov/MARC21/slim http://www.loc.gov/standards/marcxml/schema/MARC21slim.xsd"
    xmlns="http://www.loc.gov/MARC21/slim">

  <leader>00833nam a22002655i 4500</leader>
  <controlfield tag="001">vtls000834974</controlfield>
  <controlfield tag="003">PNM</controlfield>
  <controlfield tag="005">20210805113708.0</controlfield>
  <controlfield tag="008">170807s2017    my     g      000 d may  </controlfield>
  <datafield tag="020" ind1=" " ind2=" ">
    <subfield code="a">9789674606244</subfield>
    <subfield code="q">paperback</subfield>
    <subfield code="c">RM33.00</subfield>
  </datafield>
  <datafield tag="040" ind1=" " ind2=" ">
    <subfield code="a">BNM</subfield>
    <subfield code="b">eng</subfield>
    <subfield code="c">BNM</subfield>
    <subfield code="e">rda</subfield>
    <subfield code="d">PPAK</subfield>
  </datafield>
  <datafield tag="082" ind1="0" ind2="4">
    <subfield code="a">899.23209</subfield>
    <subfield code="2">23</subfield>
  </datafield>
  <datafield tag="090" ind1="0" ind2="0">
    <subfield code="a">899.23209</subfield>
    <subfield code="b">MAN</subfield>
    <subfield code="d">G</subfield>
  </datafield>
  <datafield tag="100" ind1="0" ind2=" ">
    <subfield code="a">Mana Sikana,</subfield>
    <subfield code="d">1945-</subfield>
    <subfield code="e">author</subfield>
  </datafield>
  <datafield tag="245" ind1="1" ind2="4">
    <subfield code="a">DI ATAS PENTAS DRAMA MELAYU PASCAMODEN /</subfield>
    <subfield code="c">MANA SIKANA</subfield>
  </datafield>
  <datafield tag="264" ind1=" " ind2="1">
    <subfield code="a">Kuala Lumpur :</subfield>
    <subfield code="b">INSTITUT TERJEMAHAN &amp; BUKU MALAYSIA BERHAD,</subfield>
    <subfield code="c">2017</subfield>
  </datafield>
  <datafield tag="300" ind1=" " ind2=" ">
    <subfield code="a">326 pages : </subfield>
    <subfield code="c">23 cm</subfield>
  </datafield>
  <datafield tag="336" ind1=" " ind2=" ">
    <subfield code="a">text</subfield>
    <subfield code="2">rdacontent</subfield>
  </datafield>
  <datafield tag="337" ind1=" " ind2=" ">
    <subfield code="a">unmediated</subfield>
    <subfield code="2">rdamedia</subfield>
  </datafield>
  <datafield tag="338" ind1=" " ind2=" ">
    <subfield code="a">volume</subfield>
    <subfield code="2">rdacarrier</subfield>
  </datafield>
  <datafield tag="504" ind1=" " ind2=" ">
    <subfield code="6">Bibliography : Pages 311 - 326.</subfield>
  </datafield>
  <datafield tag="650" ind1="1" ind2="0">
    <subfield code="a">Malay drama</subfield>
    <subfield code="x">History and criticism</subfield>
  </datafield>
  <datafield tag="650" ind1="2" ind2="0">
    <subfield code="a">Malay drama</subfield>
    <subfield code="z">Malaysia</subfield>
  </datafield>
  <datafield tag="942" ind1=" " ind2=" ">
    <subfield code="2">ddc</subfield>
    <subfield code="c">B</subfield>
  </datafield>
  <datafield tag="999" ind1=" " ind2=" ">
    <subfield code="c">162565</subfield>
    <subfield code="d">162565</subfield>
  </datafield>
  <datafield tag="952" ind1=" " ind2=" ">
    <subfield code="0">0</subfield>
    <subfield code="7">0</subfield>
    <subfield code="b">PPAK</subfield>
    <subfield code="c">G</subfield>
    <subfield code="d">2018-06-27</subfield>
    <subfield code="l">2</subfield>
    <subfield code="o">899.23209 MAN</subfield>
    <subfield code="p">A01568310</subfield>
    <subfield code="r">2020-02-29 00:00:00</subfield>
    <subfield code="s">2020-02-25</subfield>
    <subfield code="y">B</subfield>
  </datafield>
  <datafield tag="952" ind1=" " ind2=" ">
    <subfield code="0">0</subfield>
    <subfield code="7">0</subfield>
    <subfield code="b">PPAK</subfield>
    <subfield code="c">G</subfield>
    <subfield code="d">2018-06-27</subfield>
    <subfield code="o">899.23209 MAN</subfield>
    <subfield code="p">A01568311</subfield>
    <subfield code="r">2018-06-27 00:00:00</subfield>
    <subfield code="y">B</subfield>
  </datafield>
  <datafield tag="952" ind1=" " ind2=" ">
    <subfield code="0">0</subfield>
    <subfield code="7">0</subfield>
    <subfield code="b">SP</subfield>
    <subfield code="c">G</subfield>
    <subfield code="d">2018-06-27</subfield>
    <subfield code="o">899.23209 MAN</subfield>
    <subfield code="p">A01568312</subfield>
    <subfield code="r">2018-06-27 00:00:00</subfield>
    <subfield code="y">B</subfield>
  </datafield>
  <datafield tag="952" ind1=" " ind2=" ">
    <subfield code="0">0</subfield>
    <subfield code="7">0</subfield>
    <subfield code="b">JT</subfield>
    <subfield code="c">G</subfield>
    <subfield code="d">2018-06-27</subfield>
    <subfield code="o">899.23209 MAN</subfield>
    <subfield code="p">A01568313</subfield>
    <subfield code="r">2018-06-27 00:00:00</subfield>
    <subfield code="y">B</subfield>
  </datafield>
  <datafield tag="952" ind1=" " ind2=" ">
    <subfield code="0">0</subfield>
    <subfield code="7">0</subfield>
    <subfield code="b">LW</subfield>
    <subfield code="c">G</subfield>
    <subfield code="d">2018-06-27</subfield>
    <subfield code="o">899.23209 MAN</subfield>
    <subfield code="p">A01568314</subfield>
    <subfield code="r">2018-06-27 00:00:00</subfield>
    <subfield code="y">B</subfield>
  </datafield>
  <datafield tag="952" ind1=" " ind2=" ">
    <subfield code="0">0</subfield>
    <subfield code="7">0</subfield>
    <subfield code="b">KM</subfield>
    <subfield code="c">G</subfield>
    <subfield code="d">2018-06-27</subfield>
    <subfield code="o">899.23209 MAN</subfield>
    <subfield code="p">A01568315</subfield>
    <subfield code="r">2018-06-27 00:00:00</subfield>
    <subfield code="y">B</subfield>
  </datafield>
  <datafield tag="952" ind1=" " ind2=" ">
    <subfield code="0">0</subfield>
    <subfield code="7">0</subfield>
    <subfield code="b">BL</subfield>
    <subfield code="c">G</subfield>
    <subfield code="d">2018-06-27</subfield>
    <subfield code="o">899.23209 MAN</subfield>
    <subfield code="p">A01568316</subfield>
    <subfield code="r">2018-06-27 00:00:00</subfield>
    <subfield code="y">B</subfield>
  </datafield>
  <datafield tag="952" ind1=" " ind2=" ">
    <subfield code="0">0</subfield>
    <subfield code="7">0</subfield>
    <subfield code="b">BB</subfield>
    <subfield code="c">G</subfield>
    <subfield code="d">2018-06-27</subfield>
    <subfield code="o">899.23209 MAN</subfield>
    <subfield code="p">A01568317</subfield>
    <subfield code="r">2018-06-27 00:00:00</subfield>
    <subfield code="y">B</subfield>
  </datafield>
  <datafield tag="952" ind1=" " ind2=" ">
    <subfield code="0">0</subfield>
    <subfield code="7">0</subfield>
    <subfield code="b">MR</subfield>
    <subfield code="c">G</subfield>
    <subfield code="d">2018-06-27</subfield>
    <subfield code="o">899.23209 MAN</subfield>
    <subfield code="p">A01568318</subfield>
    <subfield code="r">2018-06-27 00:00:00</subfield>
    <subfield code="y">B</subfield>
  </datafield>
  <datafield tag="952" ind1=" " ind2=" ">
    <subfield code="0">0</subfield>
    <subfield code="7">0</subfield>
    <subfield code="b">YN</subfield>
    <subfield code="c">G</subfield>
    <subfield code="d">2018-06-27</subfield>
    <subfield code="o">899.23209 MAN</subfield>
    <subfield code="p">A01568319</subfield>
    <subfield code="r">2018-06-27 00:00:00</subfield>
    <subfield code="y">B</subfield>
  </datafield>
  <datafield tag="952" ind1=" " ind2=" ">
    <subfield code="0">0</subfield>
    <subfield code="7">0</subfield>
    <subfield code="b">SK</subfield>
    <subfield code="c">G</subfield>
    <subfield code="d">2018-06-27</subfield>
    <subfield code="o">899.23209 MAN</subfield>
    <subfield code="p">A01568320</subfield>
    <subfield code="r">2018-06-27 00:00:00</subfield>
    <subfield code="y">B</subfield>
  </datafield>
  <datafield tag="952" ind1=" " ind2=" ">
    <subfield code="0">0</subfield>
    <subfield code="7">0</subfield>
    <subfield code="b">KN</subfield>
    <subfield code="c">G</subfield>
    <subfield code="d">2018-06-27</subfield>
    <subfield code="l">8</subfield>
    <subfield code="m">5</subfield>
    <subfield code="o">899.23209 MAN</subfield>
    <subfield code="p">A01568321</subfield>
    <subfield code="r">2026-04-05 11:13:51</subfield>
    <subfield code="s">2026-03-25</subfield>
    <subfield code="y">B</subfield>
  </datafield>
  <datafield tag="952" ind1=" " ind2=" ">
    <subfield code="0">0</subfield>
    <subfield code="7">0</subfield>
    <subfield code="b">PG</subfield>
    <subfield code="c">G</subfield>
    <subfield code="d">2018-06-27</subfield>
    <subfield code="o">899.23209 MAN</subfield>
    <subfield code="p">A01568322</subfield>
    <subfield code="r">2018-06-27 00:00:00</subfield>
    <subfield code="y">B</subfield>
  </datafield>
  <datafield tag="952" ind1=" " ind2=" ">
    <subfield code="0">0</subfield>
    <subfield code="7">0</subfield>
    <subfield code="b">B1</subfield>
    <subfield code="c">G</subfield>
    <subfield code="d">2018-06-27</subfield>
    <subfield code="o">899.23209 MAN</subfield>
    <subfield code="p">A01568323</subfield>
    <subfield code="r">2018-06-27 00:00:00</subfield>
    <subfield code="y">B</subfield>
  </datafield>
  <datafield tag="952" ind1=" " ind2=" ">
    <subfield code="0">0</subfield>
    <subfield code="7">0</subfield>
    <subfield code="b">B3</subfield>
    <subfield code="c">G</subfield>
    <subfield code="d">2018-06-27</subfield>
    <subfield code="o">899.23209 MAN</subfield>
    <subfield code="p">A01568324</subfield>
    <subfield code="r">2018-06-27 00:00:00</subfield>
    <subfield code="y">B</subfield>
  </datafield>
  <datafield tag="952" ind1=" " ind2=" ">
    <subfield code="0">0</subfield>
    <subfield code="7">0</subfield>
    <subfield code="b">B4</subfield>
    <subfield code="c">G</subfield>
    <subfield code="d">2018-06-27</subfield>
    <subfield code="o">899.23209 MAN</subfield>
    <subfield code="p">A01568325</subfield>
    <subfield code="r">2018-06-27 00:00:00</subfield>
    <subfield code="y">B</subfield>
  </datafield>
  <datafield tag="952" ind1=" " ind2=" ">
    <subfield code="0">0</subfield>
    <subfield code="7">0</subfield>
    <subfield code="b">KM</subfield>
    <subfield code="c">G</subfield>
    <subfield code="d">2018-06-27</subfield>
    <subfield code="o">899.23209 MAN</subfield>
    <subfield code="p">A01568326</subfield>
    <subfield code="r">2018-06-27 00:00:00</subfield>
    <subfield code="y">B</subfield>
  </datafield>
  <datafield tag="952" ind1=" " ind2=" ">
    <subfield code="0">0</subfield>
    <subfield code="7">0</subfield>
    <subfield code="b">PD4</subfield>
    <subfield code="c">G</subfield>
    <subfield code="d">2018-06-27</subfield>
    <subfield code="o">899.23209 MAN</subfield>
    <subfield code="p">A01568327</subfield>
    <subfield code="r">2018-06-27 00:00:00</subfield>
    <subfield code="y">B</subfield>
  </datafield>
  <datafield tag="952" ind1=" " ind2=" ">
    <subfield code="0">0</subfield>
    <subfield code="7">0</subfield>
    <subfield code="b">PD5</subfield>
    <subfield code="c">G</subfield>
    <subfield code="d">2018-06-27</subfield>
    <subfield code="l">0</subfield>
    <subfield code="o">899.23209 MAN</subfield>
    <subfield code="p">A01568328</subfield>
    <subfield code="r">2018-06-27 00:00:00</subfield>
    <subfield code="y">B</subfield>
  </datafield>
  <datafield tag="952" ind1=" " ind2=" ">
    <subfield code="0">0</subfield>
    <subfield code="7">0</subfield>
    <subfield code="b">PD12</subfield>
    <subfield code="c">G</subfield>
    <subfield code="d">2018-06-27</subfield>
    <subfield code="l">0</subfield>
    <subfield code="o">899.23209 MAN</subfield>
    <subfield code="p">A01568329</subfield>
    <subfield code="r">2018-06-27 00:00:00</subfield>
    <subfield code="y">B</subfield>
  </datafield>
  <datafield tag="952" ind1=" " ind2=" ">
    <subfield code="0">0</subfield>
    <subfield code="7">0</subfield>
    <subfield code="b">PD26</subfield>
    <subfield code="c">G</subfield>
    <subfield code="d">2018-06-27</subfield>
    <subfield code="o">899.23209 MAN</subfield>
    <subfield code="p">A01568331</subfield>
    <subfield code="r">2018-06-27 00:00:00</subfield>
    <subfield code="y">B</subfield>
  </datafield>
  <datafield tag="952" ind1=" " ind2=" ">
    <subfield code="0">0</subfield>
    <subfield code="7">0</subfield>
    <subfield code="b">PD30</subfield>
    <subfield code="c">G</subfield>
    <subfield code="d">2018-06-27</subfield>
    <subfield code="l">0</subfield>
    <subfield code="o">899.23209 MAN</subfield>
    <subfield code="p">A01568333</subfield>
    <subfield code="r">2018-06-27 00:00:00</subfield>
    <subfield code="y">B</subfield>
  </datafield>
  <datafield tag="952" ind1=" " ind2=" ">
    <subfield code="0">0</subfield>
    <subfield code="7">0</subfield>
    <subfield code="b">PD36</subfield>
    <subfield code="c">G</subfield>
    <subfield code="d">2018-06-27</subfield>
    <subfield code="l">0</subfield>
    <subfield code="o">899.23209 MAN</subfield>
    <subfield code="p">A01568335</subfield>
    <subfield code="r">2018-06-27 00:00:00</subfield>
    <subfield code="y">B</subfield>
  </datafield>
  <datafield tag="952" ind1=" " ind2=" ">
    <subfield code="0">0</subfield>
    <subfield code="7">0</subfield>
    <subfield code="b">PD15</subfield>
    <subfield code="c">G</subfield>
    <subfield code="d">2018-06-27</subfield>
    <subfield code="o">899.23209 MAN</subfield>
    <subfield code="p">A01568336</subfield>
    <subfield code="r">2018-06-27 00:00:00</subfield>
    <subfield code="y">B</subfield>
  </datafield>
</record>
